[Event "San Marti op U20 12th"]
[Site "San Marti"]
[Date "2010.07.15"]
[Round "3"]
[White "Perez Vizcaino, Joan Manel"]
[Black "Porras Dalmau, Daniel"]
[Result "1/2-1/2"]
[WhiteElo "1835"]
[BlackElo "1951"]
[PlyCount "51"]
[EventDate "2010.07.13"]
[EventType "swiss"]
[EventRounds "9"]
[EventCountry "ESP"]
[SourceTitle "EXT 2012"]
[Source "ChessBase"]
[SourceDate "2011.11.24"]
[SourceVersion "1"]
[SourceVersionDate "2011.11.24"]
[SourceQuality "1"]

1. e4 e6 2. d4 d5 3. exd5 exd5 4. Bd3 Bd6 5. Nf3 Ne7 6. Bg5 f6 7. Bh4 Bf5 8. Nc3 c6 9. 0-0 0-0 10. Re1 Bxd3 11. Qxd3 Qd7 12. Bg3 Nf5 13. Bxd6 Nxd6 14. Re2 Na6 15. a3 Nc7 16. Rae1 Rfe8 17. Rxe8+ Rxe8 18. Rxe8+ Qxe8 19. b3 Qe7 20. Kf1 Ne4 21. a4 Nd6 22. g3 Qd7 23. Kg2 Nf5 24. Qd2 Kf7 25. Ne2 Nd6 26. Nc3 1/2-1/2

[Event "Catalunya-ch Seniors"]
[Site "Andorra"]
[Date "2006.07.23"]
[Round "6"]
[White "Solsona Manonelles, Josep"]
[Black "Perez Vizcaino, Joan Manel"]
[Result "0-1"]
[WhiteElo "1838"]
[BlackElo "1989"]
[PlyCount "78"]
[EventDate "2006.07.18"]
[EventType "swiss"]
[EventRounds "9"]
[EventCountry "ESP"]
[SourceTitle "EXT 2019"]
[Source "ChessBase"]
[SourceDate "2018.10.10"]
[SourceVersion "1"]
[SourceVersionDate "2018.10.10"]
[SourceQuality "1"]

1. d4 Nf6 2. c4 e6 3. Nc3 Bb4 4. Bd2 b6 5. Nf3 Bb7 6. e3 Bxc3 7. Bxc3 d6 8. Be2 Nbd7 9. 0-0 Ne4 10. Qc2 f5 11. Rad1 0-0 12. b4 Ndf6 13. Bb2 g5 14. c5 g4 15. Ne5 dxe5 16. dxe5 Nd5 17. Bc4 bxc5 18. bxc5 c6 19. Bc1 Qa5 20. Bxd5 exd5 21. Bd2 Nxd2 22. Rxd2 Ba6 23. Rc1 Rab8 24. Rd4 Bc4 25. Rf4 Qxa2 26. Qc3 Rb1 27. h3 gxh3 28. Kh2 Qb2 29. Qxb2 Rxb2 30. gxh3 Bd3 31. Rg1+ Kf7 32. Rg5 Ke6 33. Rh5 Kxe5 34. Rxh7 Rf6 35. Rxa7 Be4 36. Re7+ Re6 37. Rg7 d4 38. Kg3 dxe3 39. fxe3 Rg2+ 0-1

[Event "Catalunya-ch Seniors"]
[Site "Andorra"]
[Date "2006.07.22"]
[Round "5"]
[White "Perez Vizcaino, Joan Manel"]
[Black "Ferrer Dalmau, Josep Antonio"]
[Result "1-0"]
[WhiteElo "1989"]
[BlackElo "1886"]
[PlyCount "35"]
[EventDate "2006.07.18"]
[EventType "swiss"]
[EventRounds "9"]
[EventCountry "ESP"]
[SourceTitle "EXT 2019"]
[Source "ChessBase"]
[SourceDate "2018.10.10"]
[SourceVersion "1"]
[SourceVersionDate "2018.10.10"]
[SourceQuality "1"]

1. e4 c5 2. Nf3 Nc6 3. d4 cxd4 4. Nxd4 Nf6 5. Nc3 e6 6. Ndb5 d5 7. exd5 a6 8. dxc6 Qxd1+ 9. Kxd1 axb5 10. Bxb5 Kd8 11. Ke2 bxc6 12. Bxc6 Ba6+ 13. Bb5 Nd5 14. Rd1 Bxb5+ 15. Nxb5 Rc8 16. c3 Kd7 17. a4 Kc6 18. Na7+ 1-0